On This Day: April 12th II Quiz Stats

 Plays Quiz Updated Apr 12, 2018

Score 0/7 Timer 03:00
0 Plays Today
Question Answer Wrong Answers
The ______ vaccine, developed by Dr. Jonas Salk, is declared safe and effective.
1955
Polio
94.4%
Influenza
1.8%
Cholera
0.9%
Malaria
1.4%
The US Auto-Lite strike begins, culminating in a five-day melee between ______ National Guard troops and 6,000 picketers, sometimes referred to as the ‘Battle of Toledo’.
1934
Ohio
83%
Washington
2.3%
Texas
10.8%
Florida
3%
Samuel Doe takes control of this African country in a coup d'état, ending over 130 years of rule by the descendants of free-born and formerly enslaved African Americans.
1980
Liberia
71.1%
Angola
10.1%
Kenya
12.2%
Tunisia
4.6%
This American-born Irish actress, a three-time Academy Award nominee known for films like ‘Lady Bird’, is born.
1994
Saoirse Ronan
59.2%
Rooney Mara
14.7%
Juno Temple
2.9%
Jennifer Lawrence
21.1%
In a civil lawsuit, ______ is cited for contempt of court for giving ‘intentionally false statements’. He is later fined and disbarred.
1999
Bill Clinton
57.3%
Al Gore
5.4%
George W. Bush
2.3%
Newt Gingrich
32.5%
Known as the Shanghai massacre, this Chinese leader orders the execution of the Communist Party of China members.
1927
Chiang Kai-shek
51.3%
Mao Zedong
36.2%
Deng Xiaoping
7.8%
Zhu De
4.5%
The United Kingdom annexes the South African Republic, sometimes called the ______.
1877
Transvaal
50.4%
Rhodesia
28.7%
Nyasaland
13.6%
Matabeleland
7.3%

You're not logged in!

Compare scores with friends on all Sporcle quizzes.
OR
Log In

Sporcle TV

Today on Sporcle TV


Watch our educational content, quiz creation guides, and fun videos on Sporcle TV.

Show Comments

Extras

Top Quizzes Today


Score Distribution

Your Account Isn't Verified!

In order to create a playlist on Sporcle, you need to verify the email address you used during registration. Go to your Sporcle Settings to finish the process.

Report this User

Report this user for behavior that violates our Community Guidelines.

Details: